| 000 | 00748ngm a22002777a 4500 | ||
|---|---|---|---|
| 005 | 20170529102206.0 | ||
| 008 | 160208b xxu||||| |||| 00| 0 spa d | ||
| 041 | _aspa | ||
| 082 | _a222 DVD | ||
| 245 | _aEmpleado 101: respeto por el equipo | ||
| 260 | _aMéxico | ||
| 260 | _bInc | ||
| 260 | _c2009 | ||
| 650 |
_aEMPLEADOS _918179 |
||
| 650 |
_aSELECCIÓN DE PERSONAL _9398 |
||
| 650 |
_aINDUCCIÓN DE PERSONAL _96891 |
||
| 650 |
_aCOMPORTAMIENTO _91037 |
||
| 650 |
_aDESARROLLO HUMANO _97971 |
||
| 650 |
_aCOMUNICACIÓN _9490 |
||
| 650 |
_aMOTIVACIÓN _942822 |
||
| 650 |
_aRELACIONES HUMANAS _942823 |
||
| 650 |
_aSUPERACIÓN PERSONAL _92235 |
||
| 650 |
_aPUNTUALIDAD _95293 |
||
| 650 |
_aRESPECTAR EL EQUIPO _942824 |
||
| 942 | _cDVD | ||
| 999 |
_c7616 _d7616 |
||